| 000 | 00905nam a2200289 a 4500 | ||
|---|---|---|---|
| 001 | 40737 | ||
| 003 | BD-RjUL | ||
| 005 | 20211209053255.0 | ||
| 008 | 160509s1977 fr b i000 0 eng | ||
| 020 | _a9231013947 | ||
| 035 | _a(BD-RjUL) 40852 | ||
| 035 | _a2524826 | ||
| 040 |
_aLC _beng _cLC _dLC _d(BD-RjUL) |
||
| 041 | _aeng | ||
| 082 | 0 | 4 |
_a025.3 _219 _bBEB 1977 |
| 100 | 1 |
_aBeaudiquez, Marcelle. _9125346 |
|
| 245 | 1 | 0 |
_aBibliographical services throughout the world, 1970-74 / _cMarcelle Beaudiquez. |
| 260 |
_aParis : _bUnesco, _c1977. |
||
| 300 |
_a419 p. ; _c21 cm. |
||
| 650 | 0 |
_aBibliographical services. _9125329 |
|
| 650 | 0 |
_aBibliography, National. _9125348 |
|
| 650 | 0 |
_aBibliography of bibliographies. _9125349 |
|
| 942 |
_2ddc _cBK |
||
| 999 |
_c40737 _d40737 |
||